MAASAI MARA UNIVERSITY

LIBRARY CATALOGUE

Contact Us: +254 020 2685356/7 or 0774 057787

Box: 861-20500, NAROK, KENYA

Email: info@mmarau.ac.ke

Human anatomy / (Record no. 31756)

MARC details
000 -LEADER
fixed length control field 00964nam a22003137a 4500
001 - CONTROL NUMBER
control field 14590405
003 - CONTROL NUMBER IDENTIFIER
control field OSt
005 - DATE AND TIME OF LATEST TRANSACTION
control field 20190725082940.0
008 - FIXED-LENGTH DATA ELEMENTS--GENERAL INFORMATION
fixed length control field 190725b ||||| |||| 00| 0 eng d
010 ## - LIBRARY OF CONGRESS CONTROL NUMBER
LC control number 2006051569
020 ## - INTERNATIONAL STANDARD BOOK NUMBER
International Standard Book Number 0805347895
020 ## - INTERNATIONAL STANDARD BOOK NUMBER
International Standard Book Number 9780805347890
020 ## - INTERNATIONAL STANDARD BOOK NUMBER
International Standard Book Number 0805347887 (set)
020 ## - INTERNATIONAL STANDARD BOOK NUMBER
International Standard Book Number 9780805347883 (set)
035 ## - SYSTEM CONTROL NUMBER
System control number (OCoLC)ocm73994510
040 ## - CATALOGING SOURCE
Original cataloging agency MMU
Transcribing agency MMU
Modifying agency MMU
Language of cataloging eng
050 00 - LIBRARY OF CONGRESS CALL NUMBER
Classification number QM23.2
Item number .M348 2008
082 00 - DEWEY DECIMAL CLASSIFICATION NUMBER
Classification number 611
Edition number 22
100 1# - MAIN ENTRY--PERSONAL NAME
Personal name Marieb, Elaine Nicpon,
Dates associated with a name 1936-
245 10 - TITLE STATEMENT
Title Human anatomy /
Statement of responsibility, etc. Elaine N. Marieb, Jon Mallatt, Patricia Brady Wilhelm.
250 ## - EDITION STATEMENT
Edition statement 5th ed.
260 ## - PUBLICATION, DISTRIBUTION, ETC. (IMPRINT)
Place of publication, distribution, etc. San Francisco :
Name of publisher, distributor, etc. Pearson Benhamin Cummings,
Date of publication, distribution, etc. c2008.
300 ## - PHYSICAL DESCRIPTION
Extent xxxiii, 846 p. :
Other physical details ill. (chiefly col.) ;
Dimensions 29 cm. +
Accompanying material 1 atlas (vii, 129 p. : col. ill. ; 28 cm.)
500 ## - GENERAL NOTE
General note Includes index.
650 #0 - SUBJECT ADDED ENTRY--TOPICAL TERM
Topical term or geographic name as entry element Human anatomy.
9 (RLIN) 538
700 1# - ADDED ENTRY--PERSONAL NAME
Personal name Mallatt, Jon.
700 1# - ADDED ENTRY--PERSONAL NAME
Personal name Wilhelm, Patricia Brady.
942 ## - ADDED ENTRY ELEMENTS (KOHA)
Source of classification or shelving scheme Library of Congress Classification
Koha item type L

No items available.

© 2016 Maasai Mara University.